O peru de peruca (Record no. 195285)
[ view plain ]
| 000 -LÍDER | |
|---|---|
| campo de controle de tamanho fixo | 00352 a2200169 4500 |
| 001 - NÚMERO DE CONTROLE | |
| campo de controle | 195285 |
| 020 ## - ISBN - INTERNATIONAL STANDARD BOOK NUMBER | |
| ISBN - International Standard Book Number | 978-85-08-11333-0 |
| 040 ## - FONTE DA CATALOGAÇÃO | |
| Instituição que transcreveu o registro | Magnum |
| 100 ## - ENTRADA PRINCIPAL--NOME PESSOAL | |
| Nome pessoal | Junqueira, Sonia |
| 240 10 - TÍTULO UNIFORME | |
| Título uniforme | O peru de peruca |
| Idioma da obra | |
| 245 10 - TÍTULO | |
| Título | O peru de peruca |
| 300 ## - DESCRIÇÃO FÍSICA | |
| Extensão | 24 |
| 362 0# - DATAS DE PUBLICAÇÃO E/OU DESIGNAÇÃO SEQUENCIAL | |
| Datas de publicação e/ou designação sequencial | 2007 |
| 440 #1 - DECLARAÇÃO DE SÉRIE/ENTRADA ADICIONADA--TÍTULO | |
| Título | Ática |
| 697 ## - ENTRADA DE ASSUNTO LOCAL--ENTIDADE COLETIVA (RLIN) | |
| Nome corporativo ou nome da jurisdição | LITERATURA INFANTIL |
| 942 ## - ELEMENTOS DE ENTRADA ADICIONADOS (KOHA) | |
| Tipo de material Koha | Livros |
| Situação do descarte | Situação das perdas | Situação física | Não pode ser emprestado | Biblioteca de origem | Biblioteca atual | Data de aquisição | Total de empréstimos | Número de chamada completo | Código de barras | Data de último acesso | Data do preço efetivo | Tipo de material Koha |
|---|---|---|---|---|---|---|---|---|---|---|---|---|
| Magnum | Magnum | 08/06/2024 | 869.0.1456 | MAG00076265 | 08/06/2024 | 08/06/2024 | Livros | |||||
| Magnum | Magnum | 08/06/2024 | 869.0.1456 | MAG00076625 | 08/06/2024 | 08/06/2024 | Livros | |||||
| Magnum | Magnum | 08/06/2024 | 869.0.1456 | MAG00076626 | 08/06/2024 | 08/06/2024 | Livros | |||||
| Magnum | Magnum | 08/06/2024 | 869.0.1456 | MAG00076627 | 08/06/2024 | 08/06/2024 | Livros | |||||
| Magnum | Magnum | 08/06/2024 | 869.0.1456 | MAG00076628 | 08/06/2024 | 08/06/2024 | Livros | |||||
| Magnum | Magnum | 08/06/2024 | 869.0.1456 | MAG00076629 | 08/06/2024 | 08/06/2024 | Livros | |||||
| Magnum | Magnum | 08/06/2024 | 869.0.1456 | MAG00076630 | 08/06/2024 | 08/06/2024 | Livros | |||||
| Magnum | Magnum | 08/06/2024 | 869.0.1456 | MAG00076631 | 08/06/2024 | 08/06/2024 | Livros | |||||
| Magnum | Magnum | 08/06/2024 | 869.0.1456 | MAG00076632 | 08/06/2024 | 08/06/2024 | Livros | |||||
| Magnum | Magnum | 08/06/2024 | 869.0.1456 | MAG00076838 | 08/06/2024 | 08/06/2024 | Livros | |||||
| Magnum | Magnum | 08/06/2024 | 869.0.1456 | MAG00076988 | 08/06/2024 | 08/06/2024 | Livros |